75 anys : 1926-2001 : Caixa de Catalunya / Francesc Roca 1926-2001 :
Descripción Física:
119 p. : il. col. ; 22 x 22 cm
Otros Autores:
Caixa Catalunya
MARC
| LEADER | 00000nam a2200000Ia 4500 | ||
|---|---|---|---|
| 001 | 16585 | ||
| 008 | 160829s9999 xx 000 0 cat d | ||
| 080 | |a M-5-38 | ||
| 100 | |a Roca, Francesc |9 26431 | ||
| 245 | |a 75 anys : |b 1926-2001 : |b Caixa de Catalunya / Francesc Roca | ||
| 260 | |a [Barcelona] : |b Caixa Catalunya, DL 2001 | ||
| 300 | |a 119 p. : |b il. col. ; |c 22 x 22 cm | ||
| 590 | |a Bibliografia | ||
| 610 | 2 | 0 | |a Caixa de Catalunya |x Aniversaris, etc. |9 54855 |
| 650 | |a Caixes d'estalvis |x Catalunya |x Història |9 25521 | ||
| 700 | |a Caixa Catalunya | ||
| 901 | |a Arxiu | ||
| 942 | |n 1 | ||
| 952 | |0 0 |1 0 |4 0 |6 M538 |7 1 |9 43656 |a Arxiu |b Arxiu |d 2016-12-01 |l 0 |o M-5-38 |p 16585 |r 2016-12-01 00:00:00 |w 2016-12-01 |y ARXIU | ||
| 999 | |c 46204 |d 46204 | ||